000 00446nam a2200181Ia 4500
005 20250423101153.0
008 250422s9999 xx 000 0 und d
020 _a0312402635
050 _aPN 6013 .B35/
100 _aDavis, Paul
245 4 _aThe bedford anthology of world literature
260 _aBoston
260 _bBedford/St. Martin’s
260 _c2003
300 _a613 p
650 _aLiterature --Collections.
942 _cBK
999 _c35507
_d35507